Canadian Provinces and Territories that Start With N - Statistics

General Stats
  • This quiz has been taken 34 times
    15 since last reset
  • The average score is 5 of 5
Answer Stats
Answer % Correct
New Brunswick
100%
Nova Scotia
100%
Newfoundland and Labrador
91%
Northwest Territories
82%
Nunavut
82%
No matching quizzes found
Score Distribution
Percent of People with Each Score
Percentile by Number Answered
Your Score History
You have not taken this quiz since the last reset